000 00786nam a2200229 i 4500
003 IT-RoINE
005 20170601074940.0
008 930725s1957 sp |r 001 0 spa d
040 _aSpMaBN
_bspa
_cA2 IT-RoINE
_dIT-RoINE
245 1 0 _aMemorias de tiempos de Fernando VII /
_cedición y estudio preliminar de Miguel Artola.
260 _aMadrid :
_bAtlas,
_c1957.
300 _a2 v. ;
_c26 cm.
336 _2rdacontent
_atext
337 _2rdamedia
_aunmediated
338 _2rdacarrier
_avolume
490 1 0 _aBiblioteca de autores españoles ;
_v97-98
500 _aInlcuye índice.
651 4 _916723
_aEspaña
_xHistoria
_y1814-1833 (Fernando VII)
_vRelatos personales
700 1 _98075
_aArtola, Miguel,
_d1923-
830 0 _912318
_aBiblioteca de autores españoles
942 _cMTS
999 _c8101
_d8101